Images of bliss (Record no. 119033)
[ view plain ]
| 000 -LEADER | |
|---|---|
| fixed length control field | 01338nam a2200349Ia 4500 |
| 082 04 - DEWEY DECIMAL CLASSIFICATION NUMBER | |
| Classification number | 612.61 |
| 100 1# - MAIN ENTRY--AUTHOR NAME | |
| Personal name | Aydemir, Murat. |
| 245 10 - TITLE STATEMENT | |
| Title | Images of bliss |
| 260 ## - PUBLICATION, DISTRIBUTION, ETC. (IMPRINT) | |
| Place of publication | Minneapolis, MN ; |
| -- | London : |
| Name of publisher | University of Minnesota Press, |
| Year of publication | 2007. |
| 300 ## - PHYSICAL DESCRIPTION | |
| Number of Pages | xxv, 334 p. |
| 650 #0 - SUBJECT ADDED ENTRY--TOPICAL TERM | |
| Topical Term | Generative organs, Male |
| Topical Term | Human reproduction |
| Topical Term | Ejaculation |
| Topical Term | Penis |
| Topical Term | Masculinity. |
| 856 40 - ELECTRONIC LOCATION AND ACCESS | |
| Uniform Resource Identifier | http://site.ebrary.com/lib/rucke/Doc?id=10202554 |
No items available.
